| 000 | 01289nam0a22003011 4500 | ||
|---|---|---|---|
| 001 | rc\860301 | ||
| 005 | 20041129093002.4 | ||
| 035 | _a(NLR Aleph) 006040048 | ||
| 090 |
_a7618011 _c7618011 |
||
| 100 | _a20041129d1983 u |0rusy50 ca | ||
| 101 | 0 | _arus | |
| 102 | _aRU | ||
| 105 | _aa ||||||||| | ||
| 200 | 1 |
_aИсследование пульсирующего ледника Колка _dStudy of the surging Kolka glacier _fК.П. Рототаев, В.Г. Ходаков, А.Н. Кренке |
|
| 210 |
_aМ. _cНаука _d1983 |
||
| 215 |
_a169 с. _cил. _d23 |
||
| 225 | 1 |
_aРезультаты исследований по международным геофизическим проектам _fМеждувед. геофиз. ком. при Президиуме АН СССР |
|
| 300 | _aРез.: англ. | ||
| 320 | _aБиблиогр.: с. 165-167 (101 назв.) | ||
| 510 | 0 | _aStudy of the surging Kolka glacier | |
| 700 | 1 |
_aРототаев _bК. П. _gКонстантин Павлович |
|
| 701 | 1 |
_aХодаков _bВ. Г. _gВладимир Георгиевич |
|
| 701 | 1 |
_aКренке _bА. Н. _gАлександр Николаевич |
|
| 801 | 0 |
_aRU _bNLR _gpsbo |
|
| 801 | 1 |
_aRU _bELAR _2rusmarc |
|
| 852 |
_aNLR _j83-7/1439 |
||
| 942 | _cBOOK | ||
| 980 | _aNB | ||